000 00184nam a2200097 4500
020 _a9781445459004
082 _a400
245 _aSleeping Beauty
260 _bParragon
942 _2ddc
_cST
999 _c1226
_d1226